000 00730nam a22002057a 4500
999 _c158299
_d158299
005 20181024163441.0
010 _aENG-124361
020 _c1595.00
_a9789352806904
035 _a EN-107893
037 _bDBAD/PUB.
082 _a658.31240954
100 _aPareek, Udai
245 _aTraining instruments in HRD and OD 4e /
_cby Udai Pareek; forwarded by T.V. Rao
260 _aNew Delhi
_bSage Publications India Pvt. Ltd.
_c2018
270 _aB1/I-1, Mohan Cooperative Industrial Area Mathura Road Post Bag 7
_bNew Delhi
_e110044
300 _axv,614p.
_c26cm(pbk)
_bill.
500 _aIt includes bibliography, index and about the authors
700 _a Rao, T.V.
942 _2ddc
_cEN
_mPAR
_h658.31240954